Redes sociales y complejidad (Registro nro. 7939)
[ vista simple ]
| 000 -LEADER | |
|---|---|
| fixed length control field | 01135nam a22002417a 4500 |
| 003 - CONTROL NUMBER IDENTIFIER | |
| control field | armounm |
| 005 - DATE AND TIME OF LATEST TRANSACTION | |
| control field | 20260422063835.0 |
| 008 - FIXED-LENGTH DATA ELEMENTS--GENERAL INFORMATION | |
| fixed length control field | 170901t2017 ag ||||| |||| 00| 0 spa d |
| 040 ## - CATALOGING SOURCE | |
| Transcribing agency | AR-MoUNM |
| 100 1# - MAIN ENTRY--PERSONAL NAME | |
| 9 (RLIN) | 2243 |
| Personal name | Ussher, Margarita María |
| 240 0# - UNIFORM TITLE | |
| Uniform title | Recurso Accesible |
| 245 1# - TITLE STATEMENT | |
| Title | Redes sociales y complejidad |
| Medium | [recurso electrónico] / |
| Statement of responsibility, etc | Margarita María Ussher. |
| 300 ## - PHYSICAL DESCRIPTION | |
| Extent | Datos electrónicos |
| Dimensions | (1 archivo : 154 KB). |
| 500 0# - GENERAL NOTE | |
| General note | Material de cátedra. |
| 500 0# - GENERAL NOTE | |
| General note | Carrera: Licenciatura en Trabajo Social (Res. UNM-R Nº 21/19). |
| 500 0# - GENERAL NOTE | |
| General note | Materia: Psicología Social y Comunitaria (3144).<br/>Unidad 2. |
| 505 0# - FORMATTED CONTENTS NOTE | |
| Formatted contents note | Material digitalizado preparado con fines de estudio o recreación, para uso exclusivo y personal de usuarios no videntes, o con otras discapacidades perceptivas. No está disponible para otros usuarios para proteger los derechos de autor en la normativa vigente. |
| 650 #7 - SUBJECT ADDED ENTRY--TOPICAL TERM | |
| Topical term or geographic name as entry element | PSICOLOGIA |
| Source of heading or term | unescot |
| 9 (RLIN) | 1432 |
| 650 #7 - SUBJECT ADDED ENTRY--TOPICAL TERM | |
| 9 (RLIN) | 1206 |
| Topical term or geographic name as entry element | COMUNIDAD |
| 650 #7 - SUBJECT ADDED ENTRY--TOPICAL TERM | |
| 9 (RLIN) | 999 |
| Topical term or geographic name as entry element | PSICOLOGIA SOCIAL |
| 773 0# - HOST ITEM ENTRY | |
| Main entry heading | Ussher, Margarita María |
| Place, publisher, and date of publication | Moreno : UNM, 2017. |
| Relationship information | p.1-20. |
| Title | Redes sociales y complejidad |
| 942 ## - ADDED ENTRY ELEMENTS (KOHA) | |
| Koha item type | Artículos |
| Withdrawn status | Lost status | Damaged status | Not for loan | Home library | Current library | Date acquired | Total Checkouts | Date last seen | Price effective from | Koha item type |
|---|---|---|---|---|---|---|---|---|---|---|
| Biblioteca Accesible | Biblioteca Accesible | 01/09/2017 | 01/09/2017 | 01/09/2017 | Recurso electrónico |


